Normal view
MARC view
- التعليم - فلسفة - علم النفس التربوي
Entry Topical Term
001 - CONTROL NUMBER
- control field: 7925
003 - CONTROL NUMBER IDENTIFIER
- control field: JO-AjAnu
005 - DATE AND TIME OF LATEST TRANSACTION
- control field: 20230606071559.0
008 - FIXED-LENGTH DATA ELEMENTS
- fixed length control field: 230606|| aca||aabn | a|a d
040 ## - CATALOGING SOURCE
- Original cataloging agency: JO-AjAnu
- Transcribing agency: JO-AjAnu
150 ## - HEADING--TOPICAL TERM
- Topical term or geographic name entry element: التعليم - فلسفة - علم النفس التربوي
670 ## - SOURCE DATA FOUND
- Source citation: Work cat.: (JO-AjAnu)4093: أحمد، نازلي صالح، م.مشارك سعد يس, author 7924, المدخل الى التربية